01037nam a2200253 a 450000100060000000300080000600500170001400800410003103500190007204000310009104100080012208200240013010000590015424500660021325000160027926000630029530000190035850000190037760000620039694200120045899900170047095201490048795201470063655550BD-RjUL20211209080300.0161120s1966 enk b 000 0beng u a(BD-RjUL)55673 aMRCdBD-RjULbengcBD-RjUL aeng 223a823.8bFIC 19661 aFielding, Kenneth J.q(Kenneth Joshua),d1924-916545710aCharles Dickens :b a critical introduction /cK. J. Fielding a2nd enl.ed. aLondon :bLongmans, Green and Co.,c1965 [Impression 1966] a51 p. ;c19 cm aIncludes Index10aDickens, Charles,d1812-1870.xNovelists, English9165458 2ddccBK c55550d55550 00102ddc40708NFICaRUCLbRUCLcStackd1968-10-31eZeitlingerg20.00l1o823.8 FIC 1966r2023-03-28 00:00:00s2023-03-16tC-2w2016-11-20yBK 00102ddc40718NFICaRUCLbRUCLcReadingd1968-06-28eSwets & Zeitlingerg20.00l0o823.8 FIC 1966r2017-02-04 00:00:00tC-1w2017-02-04yBK